LDR 01020naa#a2200229#i#450# 001 RU\\bibl\120139 005 20260606060031.6 011 ## _a2500-4026 100 ## _a20221231b2022####ek#y0rusy0150####ca 101 0# _aRUS 102 ## _aRU 200 1# _aТЕНДЕНЦИИ ИЗМЕНЕНИЙ РИСКОВ ОПАСНЫХ ПРИРОДНЫХ ЯВЛЕНИЙ РОССИЙСКОЙ АРКТИКИ, НА ПРИМЕРЕ ЛЕСНОЙ ЗОНЫ ВОСТОЧНОЙ СИБИРИ _eЖурнальная статья 210 1# _aЖелезногорск _cФГБОУ ВО Сибирская пожарно-спасательная академия ГПС МЧС России _d2022 215 ## _a12 с. 608 ## _aЖурнальная статья _2local 675 ## _aЛесное хозяйство. Лесоводство. 630 _zRUS 700 #1 _aХолопцев _gА В 700 #1 _aСергеев _gИ Ю 700 #1 _aБатуро _gА Н 700 #1 _aАнтонов _gА В 700 #1 _aШубкин _gР Г 856 4# _aapbt-sibpsa.editorum.ru _u